000 00312nam a22001337a 4500
008 170623b xxu||||| |||| 00| 0 eng d
020 _a9780195138610
041 _aeng
080 _a34
100 _a15
101 _aSHJ
245 _aSENTENCING AND SANCTIONS WESTERN COUNTRIES
_cTONRY.M
942 _2udc
_cBK
999 _c18965
_d18965